000 00465cam a2200193ua 4500
001 5600
005 20260515113918.0
008 131005n ii |||gr||||Z||||||asm
040 _cMAIN
082 _a954.162
245 1 1 _aAhomar Din
_cBy Hiteswar Borboruah
250 _a4Th Ed.
260 _aGuwahati:
_bAsom Prakashan Parishad,
_c2006.
300 _a577p.
653 _aHistory
653 _aAhomar Din
700 1 _aBorboruah,Hiteswar,
_eAuthor.
942 _cBK
999 _c4757
_d4757